All North American Pro Sports Official Logos - Statistics

General Stats
  • This quiz has been taken 48 times
  • The average score is 109 of 124
Answer Stats
Picture Answer % Correct
Charlotte Hornets
97%
Chicago Bears
97%
Chicago Bulls
97%
Denver Broncos
97%
Kansas City Chiefs
97%
Los Angeles Lakers
97%
Miami Dolphins
97%
Miami Heat
97%
New England Patriots
97%
New York Knicks
97%
New York Yankees
97%
Philadelphia Eagles
97%
Pittsburgh Penguins
97%
Pittsburgh Steelers
97%
San Jose Sharks
97%
Toronto Blue Jays
97%
Anaheim Ducks
94%
Arizona Cardinals
94%
Atlanta Falcons
94%
Atlanta Hawks
94%
Carolina Panthers
94%
Cleveland Cavaliers
94%
Dallas Cowboys
94%
Denver Nuggets
94%
Detroit Lions
94%
Edmonton Oilers
94%
Golden State Warriors
94%
Houston Texans
94%
Indiana Pacers
94%
Jacksonville Jaguars
94%
Las Vegas Raiders
94%
Los Angeles Rams
94%
Memphis Grizzlies
94%
Milwaukee Bucks
94%
Minnesota Timberwolves
94%
Minnesota Vikings
94%
New Jersey Devils
94%
New York Giants
94%
New York Jets
94%
Philadelphia 76ers
94%
Sacramento Kings
94%
San Antonio Spurs
94%
Seattle Seahawks
94%
Toronto Maple Leafs
94%
Toronto Raptors
94%
Utah Jazz
94%
Baltimore Ravens
91%
Boston Bruins
91%
Boston Celtics
91%
Buffalo Bills
91%
Chicago White Sox
91%
Cincinnati Bengals
91%
Cleveland Browns
91%
Detroit Pistons
91%
Green Bay Packers
91%
Houston Rockets
91%
Indianapolis Colts
91%
Los Angeles Chargers
91%
Minnesota Wild
91%
New Orleans Pelicans
91%
New Orleans Saints
91%
Oklahoma City Thunder
91%
Portland Trail Blazers
91%
Seattle Kraken
91%
Tampa Bay Buccaneers
91%
Tennessee Titans
91%
Washington Commanders
91%
Winnipeg Jets
91%
Athletics
88%
Brooklyn Nets
88%
Calgary Flames
88%
Carolina Hurricanes
88%
Chicago Cubs
88%
Colorado Avalanche
88%
Dallas Mavericks
88%
Detroit Red Wings
88%
Florida Panthers
88%
New York Mets
88%
Phoenix Suns
88%
San Diego Padres
88%
San Francisco 49ers
88%
Tampa Bay Lightning
88%
Utah Mammoth
88%
Boston Red Sox
84%
Buffalo Sabres
84%
Los Angeles Angels
84%
Los Angeles Dodgers
84%
Orlando Magic
84%
Philadelphia Flyers
84%
Seattle Mariners
84%
St. Louis Blues
84%
Baltimore Orioles
81%
Chicago Blackhawks
81%
Dallas Stars
81%
Houston Astros
81%
Milwaukee Brewers
81%
Montréal Canadiens
81%
Nashville Predators
81%
New York Islanders
81%
New York Rangers
81%
Pittsburgh Pirates
81%
Vegas Golden Knights
81%
Washington Wizards
81%
Arizona Diamondbacks
78%
Atlanta Braves
78%
Colorado Rockies
78%
Los Angeles Kings
78%
Miami Marlins
78%
Washington Capitals
78%
Washington Nationals
78%
Detroit Tigers
75%
Ottawa Senators
75%
Philadelphia Phillies
75%
Vancouver Canucks
75%
Cincinnati Reds
72%
San Francisco Giants
72%
Tampa Bay Rays
72%
Cleveland Guardians
69%
Columbus Blue Jackets
69%
Kansas City Royals
69%
Minnesota Twins
69%
Texas Rangers
69%
LA Clippers
66%
St. Louis Cardinals
66%
No matching quizzes found
Score Distribution
Percent of People with Each Score
Percentile by Number Answered
Your Score History
You have not taken this quiz